[Event "Petrosian Mem Open"]
[Site "Yerevan ARM"]
[Date "2004.11.24"]
[Round "6"]
[White "Sulskis,S"]
[Black "Arutinian,D"]
[Result "1-0"]
[WhiteElo "2555"]
[BlackElo "2451"]

1.e4 c5 2.Nf3 d6 3.d4 cxd4 4.Nxd4 Nf6 5.Nc3 Nc6 6.Bg5 e6 7.Qd2 a6 8.O-O-O Nxd4
9.Qxd4 Be7 10.f4 O-O 11.Kb1 h6 12.h4 hxg5 13.hxg5 Ng4 14.Be2 e5 15.Qg1 exf4
16.Bxg4 Bxg5 17.Bf5 Re8 18.g3 f3 19.Qf2 g6 20.Bxc8 Rxc8 21.Nd5 Bf6 22.Qxf3 Be5
23.Rdf1 Rc7 24.g4 Rd7 25.Qe3 Bg7 26.g5 Re6 27.Rh4 Rde7 28.Rfh1 Qa5 29.Qh3 f5
30.Rh8+ Kf7 31.Qh7  1-0

[Event "ch-CRO"]
[Site "Zagreb CRO"]
[Date "2004.11.24"]
[Round "9"]
[White "Fercec,N"]
[Black "Kozul,Z"]
[Result "1-0"]
[WhiteElo "2477"]
[BlackElo "2640"]

1.e4 c5 2.Nf3 Nc6 3.d4 cxd4 4.Nxd4 Nf6 5.Nc3 d6 6.Bg5 e6 7.Qd2 a6 8.O-O-O Bd7
9.f4 b5 10.Bxf6 gxf6 11.Kb1 Rc8 12.Nxc6 Rxc6 13.f5 h5 14.Bd3 e5 15.Nd5 h4
16.Qe2 Rc8 17.c4 b4 18.c5 Rxc5 19.Bxa6 Bh6 20.Bc4 Bg5 21.b3 Kf8 22.Nxb4 Qb6
23.Nd5 Qb8 24.Ka1 Kg7 25.h3 Ra5 26.Rhg1 Bc6 27.g3 Bxd5 28.Bxd5 Qb4 29.gxh4 Rxh4
30.Qd2 Qxd2 31.Rxd2 Rxh3 32.b4 Rb5 33.Rb2 Kf8 34.Rd1 Rb6 35.Kb1 Ra3 36.b5 Be3
37.Bc6 Bc5 38.Rh2 Rg3 39.Rh8+ Kg7 40.Rdh1 Rg1+ 41.Rxg1+ Kxh8 42.Rc1 Bd4 43.Rc4 Bg1
44.a4 Rb8 45.a5 Kg7 46.Kc2 Kh6 47.b6 Kg5 48.Bd5 Kf4 49.Rc7 Bd4 50.b7 Ke3
51.Rc8  1-0

[Event "RusFed Internet Blitz Cup"]
[Site "ChessAssistantClub INT"]
[Date "2004.11.25"]
[Round "3"]
[White "Belov,Vl"]
[Black "Akhmadeev,Vad"]
[Result "1/2-1/2"]
[WhiteElo "2552"]
[BlackElo "2417"]

1.e4 c5 2.Nf3 d6 3.d4 cxd4 4.Nxd4 Nf6 5.Nc3 Nc6 6.Bg5 e6 7.Qd2 a6 8.O-O-O Bd7
9.f4 b5 10.Bxf6 gxf6 11.Kb1 Qb6 12.Nxc6 Bxc6 13.Bd3 h5 14.Rhe1 O-O-O 15.a3 h4
16.Bf1 Be7 17.Re3 Kb8 18.Na2 Bb7 19.Ka1 d5 20.exd5 Rxd5 21.Rd3 Rhd8 22.Rxd5 Rxd5
23.Bd3 f5 24.Qe2 Bf6 25.Nb4 Rd6 26.c3 Qc5 27.Bc2 Rxd1+ 28.Qxd1 Kc7 29.Qh5 Qe7
30.Qe2 Qd6 31.g3 hxg3 32.hxg3 Qd7 33.Qe3 Qd6 34.Qe2 Qd7 35.Bb3 Qd6 36.Ka2 a5
37.Nd3 a4 38.Bc2 Bd5+ 39.Ka1 Bc4 40.Qe3 Qb6 41.Qe1 Qd6 42.Qe3 Kb8 43.Bb1 Bd8
44.Ne5 Bb6 45.Nd7+ Ka7 46.Nxb6 Qxb6 47.Qe5 Qb7 48.Qc5+ Ka6 49.Qd6+ Ka7 50.Qc5+ Kb8
51.Qf8+ Ka7 52.Qc5+  1/2-1/2

[Event "Lushki B"]
[Site "Serpukhov RUS"]
[Date "2004.11.29"]
[Round "15"]
[White "Rodchenkov,S"]
[Black "Papenin,N"]
[Result "1/2-1/2"]
[WhiteElo "2382"]
[BlackElo "2391"]

1.e4 c5 2.Nf3 d6 3.d4 cxd4 4.Nxd4 Nf6 5.Nc3 Nc6 6.Bg5 Bd7 7.Be2 e6 8.Ndb5 Bc8
9.Qd2 a6 10.Nd4 Bd7 11.h4 b5 12.f3  1/2-1/2

[Event "Lushki B"]
[Site "Serpukhov RUS"]
[Date "2004.11.29"]
[Round "16"]
[White "Golovchenko,G"]
[Black "Melnikova,Y"]
[Result "1-0"]
[WhiteElo "2353"]
[BlackElo "2223"]

1.e4 c5 2.Nf3 Nc6 3.d4 cxd4 4.Nxd4 Nf6 5.Nc3 d6 6.Bg5 Qb6 7.Nb3 e6 8.Qd2 Be7
9.O-O-O O-O 10.f3 Rd8 11.Nb5 Rd7 12.Qe1 a6 13.N5d4 Qc7 14.Kb1 b5 15.g4 Rd8
16.h4 Ne5 17.Bc1 Nfd7 18.g5 Nc5 19.f4 Nc4 20.g6 hxg6 21.h5 e5 22.hxg6 fxg6
23.Qg3 exd4 24.Qxg6 Bf6 25.Rh7 Na4 26.Bxc4+ bxc4 27.Rdh1 Kf8 28.Qxf6+ gxf6
29.Rh8+  1-0

[Event "Extraliga CZE 2004-5"]
[Site "Czech Rep CZE"]
[Date "2004.12.04"]
[Round "3"]
[White "Klima,L"]
[Black "Zawadzki,S"]
[Result "1-0"]
[WhiteElo "2475"]
[BlackElo "2398"]

1.e4 c5 2.Nf3 d6 3.d4 cxd4 4.Nxd4 Nf6 5.Nc3 Nc6 6.Bg5 e6 7.Qd2 a6 8.O-O-O h6
9.Nxc6 bxc6 10.Bf4 d5 11.Qe3 Bb4 12.Be2 O-O 13.e5 Nd7 14.Qd3 Kh8 15.Qh3 Be7
16.Bxh6 gxh6 17.Qxh6+ Kg8 18.h4 Nxe5 19.Ne4 f5 20.Rh3 f4 21.Ng5 Rf7 22.Nxf7 Nxf7
23.Qg6+ Kf8 24.Bh5 Qe8 25.Rf3 e5 26.Re1 Rb8 27.Rxe5 Rb4 28.Qh7 Bg4 29.Bxg4 Rxb2
30.Rxf4  1-0

[Event "It"]
[Site "Legnica POL"]
[Date "2004.12.04"]
[Round "3"]
[White "Czakon,J"]
[Black "Lanka,Z"]
[Result "1/2-1/2"]
[WhiteElo "2416"]
[BlackElo "2455"]

1.e4 c5 2.Nf3 Nc6 3.d4 cxd4 4.Nxd4 Nf6 5.Nc3 d6 6.Bg5 e6 7.Qd2 a6 8.O-O-O Bd7
9.f4 h6 10.Bh4 g5 11.fxg5 Ng4 12.Nf3 hxg5 13.Bg3 Be7 14.Be2 Nge5 15.Rhf1 f6
16.Nxe5 Nxe5 17.Bxe5 dxe5 18.Bg4 Qc7 19.Rf3 Rd8 20.Rd3 Bc8 21.Rxd8+  1/2-1/2

[Event "ch-IND"]
[Site "Visakhapatnam IND"]
[Date "2004.12.04"]
[Round "1"]
[White "Konguvel,P"]
[Black "Bakre,T"]
[Result "1/2-1/2"]
[WhiteElo "2403"]
[BlackElo "2491"]

1.e4 c5 2.Nf3 d6 3.d4 cxd4 4.Nxd4 Nf6 5.Nc3 Nc6 6.Bg5 e6 7.Qd2 Be7 8.O-O-O O-O
9.Nb3 Qb6 10.f3 Rd8 11.Nb5 Rd7 12.Qe1 a6 13.N5d4 Nxd4 14.Nxd4 Nd5 15.h4 Nb4
16.Be3 d5 17.a3 Nc6 18.Nxc6 Qxc6 19.exd5 Rxd5 20.Bd3 Bd7 21.Qf2 Qc7 22.Kb1 Bc6
23.Rd2 b5 24.Rhd1 Qb7 25.Bd4 Rad8 26.Be4 R5d7 27.Qg3 Bf8 28.Bxc6 Qxc6 29.h5 h6
30.Qf2 Rd5  1/2-1/2

[Event "Extraliga CZE 2004-5"]
[Site "Czech Rep CZE"]
[Date "2004.12.05"]
[Round "4"]
[White "Fedorchuk,S"]
[Black "Walek,M"]
[Result "1/2-1/2"]
[WhiteElo "2557"]
[BlackElo "2389"]

1.e4 c5 2.Nf3 d6 3.d4 cxd4 4.Nxd4 Nf6 5.Nc3 Nc6 6.Bg5 e6 7.Qd2 a6 8.O-O-O Bd7
9.f3 Rc8 10.g4 Be7 11.h4 Nxd4 12.Qxd4 Qa5 13.Be3 O-O 14.h5 Bc6 15.g5 Nd7
16.h6 e5 17.Qd2 g6 18.Kb1 Qc7 19.Bh3 Rcd8 20.Qf2 b5 21.Nd5 Bxd5 22.Rxd5 Rb8
23.f4 Nb6 24.Rd3 Nc4 25.Bc1 Qb6 26.Qxb6 Nxb6 27.f5 gxf5 28.exf5 d5 29.Rc3 Nc4
30.b3 Bb4 31.Rd3 d4 32.g6 Na3+ 33.Kb2 Rb6 34.gxf7+  1/2-1/2

[Event "Region Champ"]
[Site "Voronezh RUS"]
[Date "2004.12.05"]
[Round "3"]
[White "Rodin,D"]
[Black "Raetsky,A"]
[Result "1-0"]
[WhiteElo "2421"]
[BlackElo "2430"]

1.e4 c5 2.Nf3 Nc6 3.d4 cxd4 4.Nxd4 Nf6 5.Nc3 d6 6.Bg5 e6 7.Qd2 a6 8.O-O-O h6
9.Be3 Nxd4 10.Bxd4 b5 11.Bd3 Bb7 12.f3 Be7 13.Kb1 Bc6 14.e5 dxe5 15.Bxe5 Qb6
16.Ne4 Bxe4 17.Bxe4 Rd8 18.Bd3 O-O 19.Rhe1 Nd7 20.Bc3 b4 21.Bd4 Bc5 22.Re4 a5
23.Rg4 e5 24.Bxc5 Nxc5 25.Qe3 Nd7 26.Qxb6 Nxb6 27.Re1 f6 28.Kc1 g5 29.h4 Kf7
30.hxg5 hxg5 31.g3 Rh8 32.f4 exf4 33.gxf4 Rd4 34.Bg6+ Kg7 35.Re7+ Kf8 36.Rf7+ Kg8
37.Rg1 Nd7 38.fxg5 Ne5 39.Rxf6 Rh2 40.Re1 Rd5 41.Rf5  1-0

[Event "ch-GRE"]
[Site "Athens GRE"]
[Date "2004.12.07"]
[Round "4"]
[White "Mastrovasilis,D"]
[Black "Kotronias,V"]
[Result "1-0"]
[WhiteElo "2574"]
[BlackElo "2599"]

1.e4 c5 2.Nf3 Nc6 3.d4 cxd4 4.Nxd4 Nf6 5.Nc3 d6 6.Bg5 e6 7.Qd2 a6 8.O-O-O Bd7
9.f4 b5 10.Bxf6 gxf6 11.Kb1 Qb6 12.Nce2 h5 13.g3 Na5 14.b3 Rc8 15.Bg2 b4
16.Rhf1 Bg7 17.Nf3 Nb7 18.e5 Bc6 19.Ned4 Be4 20.Rfe1 f5 21.Ng5 d5 22.Bxe4 fxe4
23.f5 Bxe5 24.fxe6 f6 25.Nf5 Rc5 26.Rxe4 Qc7 27.Qxb4 Rb5 28.Qd2 Na5 29.Rxe5 fxe5
30.Qf2 Nc4 31.Nf7 Rf8 32.Rf1 Rxf7 33.Ng7+ Kf8 34.Qxf7+ Qxf7 35.Rxf7+ Kg8  1-0

[Event "Region Champ"]
[Site "Voronezh RUS"]
[Date "2004.12.08"]
[Round "6"]
[White "Belikov,V"]
[Black "Chernyshov,K"]
[Result "1-0"]
[WhiteElo "2506"]
[BlackElo "2569"]

1.e4 c5 2.Nf3 Nc6 3.d4 cxd4 4.Nxd4 Nf6 5.Nc3 d6 6.Bg5 e6 7.Qd2 a6 8.O-O-O Bd7
9.Nxc6 Bxc6 10.Qe1 Qa5 11.f4 O-O-O 12.Bd3 h6 13.Bxf6 gxf6 14.Kb1 h5 15.Rf1 h4
16.f5 Qe5 17.Qf2 Be7 18.Qb6 Kd7 19.fxe6+ fxe6 20.Nd5 Rc8 21.Nf4 Bd8 22.Qf2 Qg5
23.e5 fxe5 24.Nxe6 Qh6 25.Qf7+ Be7 26.Nc5+ Kd8 27.Bf5 Rb8 28.Ne6+ Kd7 29.Nc5+ Kd8
30.c4 Re8 31.Ne6+ Kd7 32.Ka1 b6 33.a3 a5 34.Rxd6+ Kxd6 35.Rd1+ Bd5 36.Rxd5+ Kc6
37.Be4 Qc1+ 38.Bb1 Qxc4 39.Rxe5 b5 40.Qf2 Kb7 41.Qd2 Ka6 42.Bd3 Qc6 43.a4 Qb6
44.Bxb5+  1-0

[Event "Asian Women"]
[Site "Beirut LIB"]
[Date "2004.12.09"]
[Round "7"]
[White "Gu Xiaobing"]
[Black "Ju Wenjun"]
[Result "1/2-1/2"]
[WhiteElo "2336"]
[BlackElo "2300"]

1.e4 c5 2.Nf3 Nc6 3.d4 cxd4 4.Nxd4 Nf6 5.Nc3 d6 6.Bg5 e6 7.Qd2 a6 8.O-O-O Bd7
9.f4 Be7 10.Nf3 b5 11.e5 b4 12.exf6 bxc3 13.Qxc3 gxf6 14.Bh6 Rg8 15.f5 d5
16.a3 Rb8 17.Bxa6 Qb6 18.Be2 Bc5 19.fxe6 Bxe6 20.b4 Nxb4 21.axb4 Bxb4 22.Qd4 Bc5
23.Qa4+ Ke7 24.Rd3 Qb1+ 25.Kd2 Qxh1 26.Nd4 Bxd4 27.Qxd4 Rgc8 28.Qa7+ Ke8
29.Qa4+ Ke7 30.Qa3+ Kd7 31.Qa7+ Ke8 32.Rc3 Qxh2 33.Qa4+ Bd7 34.Re3+ Kd8 35.Qa3 Qxh6
36.Qe7+ Kc7 37.Qc5+ Kd8 38.Qe7+ Kc7 39.Qc5+ Kd8  1/2-1/2

[Event "ch-IND"]
[Site "Visakhapatnam IND"]
[Date "2004.12.09"]
[Round "8"]
[White "Ganguly,S"]
[Black "Bakre,T"]
[Result "1/2-1/2"]
[WhiteElo "2559"]
[BlackElo "2491"]

1.e4 c5 2.Nf3 d6 3.d4 cxd4 4.Nxd4 Nf6 5.Nc3 Nc6 6.Bg5 e6 7.Qd2 Be7 8.O-O-O O-O
9.f3 a6 10.h4 Nxd4 11.Qxd4 b5 12.e5 dxe5 13.Qxe5 Qb6 14.Bd3 Bb7 15.h5 h6
16.Be3 Qc6 17.Rh3 Nd7 18.Qg3 Kh8 19.Bd4 Bf6 20.Be4 Qc8 21.Qd6 Bxd4 22.Qxd4 Nf6
23.g4 Nxe4 24.Nxe4 Bxe4 25.Qxe4 Qc5 26.Rh2 Rad8 27.Rhd2 Rxd2 28.Rxd2 Qg1+
29.Rd1 Qg2 30.Qc6 f5 31.Qc5 Kg8 32.Qe3 Kh8 33.Qc5 Rg8 34.gxf5 Qg5+ 35.Kb1 Qxh5
36.Qc6 Qxf5 37.Re1 Rd8 38.a3 a5 39.Rxe6 Rd1+ 40.Ka2 Qd5+ 41.Qxd5 Rxd5 42.a4 bxa4
43.Ka3 Rc5 44.c3 Rc4 45.Re5 g5 46.Rxa5 Rf4 47.c4 Rxc4 48.Rxa4 Rxa4+  1/2-1/2

[Event "ch-GRE"]
[Site "Athens GRE"]
[Date "2004.12.11"]
[Round "8"]
[White "Mastrovasilis,D"]
[Black "Moutousis,K"]
[Result "0-1"]
[WhiteElo "2574"]
[BlackElo "2422"]

1.e4 c5 2.Nf3 d6 3.d4 cxd4 4.Nxd4 Nf6 5.Nc3 Nc6 6.Bg5 e6 7.Qd2 a6 8.O-O-O Bd7
9.f4 b5 10.Bxf6 gxf6 11.Kb1 Qb6 12.Nce2 h5 13.g3 Be7 14.Bg2 Ra7 15.Nxc6 Bxc6
16.f5 e5 17.Nc3 Rc7 18.Qe2 h4 19.g4 Bf8 20.a3 Bb7 21.Nd5 Bxd5 22.Rxd5 Bh6
23.Rhd1 Rc6 24.c3 Ke7 25.Bf1 Bg5 26.h3 Rb8 27.Qc2 Qc7 28.Qb3 Rbb6 29.Ka1 Qa7
30.Bd3 Rc8 31.Bb1 Rcc6 32.R1d3 Kf8 33.Rd1 Qc7 34.Ba2 Kg7 35.Qb4 Kf8 36.Qa5 Qb8
37.R5d3 Ke7 38.Bd5 Rc5 39.Qb4 Qc7 40.Qb3 Kf8 41.Qa2 a5 42.Qb3 b4 43.c4 bxa3
44.Qxa3 Qb8 45.Rc3 Rb4 46.Rdd3 a4 47.Kb1 Ke7 48.Ka1 Qb6 49.Qa2 Kf8 50.Qb1 Rc8
51.c5 dxc5 52.Qc2 Kg7 53.Bc4 Rb8 54.b3 Qa5 55.Qa2 Qa8 56.Bd5 Qa7 57.Bc4 Qb7
58.Bd5 Qb6 59.Bc4 Qc6 60.Bd5 Qe8 61.Rxc5 axb3 62.Rxb3 Ra4 63.Ra3 Be3 64.Rxa4 Bxc5
65.g5 fxg5 66.f6+ Kh6 67.Qc4 Bd4+ 68.Ka2 Rb2+ 69.Ka3 Qf8+ 70.Rb4 Rxb4  0-1

[Event "It Chiburdanidze"]
[Site "Tblisi GEO"]
[Date "2004.12.11"]
[Round "9"]
[White "Melia,S"]
[Black "Khukhashvili,S"]
[Result "1/2-1/2"]
[WhiteElo "2326"]
[BlackElo "2256"]

1.e4 c5 2.Nf3 d6 3.d4 cxd4 4.Nxd4 Nf6 5.Nc3 Nc6 6.Bg5 e6 7.Qd2 a6 8.O-O-O Nxd4
9.Qxd4 Be7 10.f4 b5 11.Bxf6 gxf6 12.f5 Qa5 13.Kb1 Bb7 14.a3 Bc6 15.Be2 h5
16.Rhf1 Rh6 17.Qe3 Rh8 18.fxe6 fxe6 19.Qh3 Bd7 20.Bxh5+ Kd8 21.g4 b4 22.axb4 Qxb4
23.Qe3 Rb8 24.b3 a5 25.Rd4 Qa3 26.Qc1 Qc5 27.Qd2 Kc7 28.Ne2 Rb4 29.Rf3 e5
30.Rdd3 Kb7 31.Nc3 Be6 32.Nd5 Bxd5 33.Rxd5 Qb6 34.Qe3 Qa6 35.Rd2 Qc4 36.Re2 a4
37.Qd3 Qc5 38.Qd5+ Qxd5 39.exd5 Rd4 40.Rd3 Rf4 41.Rdd2 axb3 42.cxb3 f5 43.Rf2 Bg5
44.Rxf4 Bxf4 45.Rf2 fxg4 46.Bxg4 Bxh2 47.Kc2 Rh4 48.Be2 Bg1 49.Rg2 Bd4 50.Rg3 Rh2
51.Kd3 Rh1 52.Rg6 Bc5 53.Bf3 Re1 54.Kd2 Bb4+ 55.Kd3 Kb6 56.Rg2 Rb1 57.Kc2 Rf1
58.Be2 Rf4 59.Rg4  1/2-1/2

[Event "III Pereyra Mem"]
[Site "Mendoza ARG"]
[Date "2004.12.12"]
[Round "4"]
[White "Duarte,L"]
[Black "Alonso,S"]
[Result "1-0"]
[WhiteElo "2243"]
[BlackElo "2467"]

1.e4 c5 2.Nf3 Nc6 3.d4 cxd4 4.Nxd4 Nf6 5.Nc3 d6 6.Bg5 e6 7.Qd2 Be7 8.O-O-O O-O
9.f3 a6 10.Be3 Nxd4 11.Bxd4 b5 12.g4 Qc7 13.Kb1 b4 14.Na4 Rb8 15.Qf2 Nd7
16.b3 Bb7 17.h4 d5 18.exd5 Bxd5 19.g5 Qc6 20.Rh3 Rfc8 21.Bd3 a5 22.Bb2 Nc5
23.Nxc5 Bxc5 24.Qe2 Bd6 25.g6 f5 26.gxh7+ Kxh7 27.h5 Rc7 28.Qg2 Qe8 29.Qg6+ Kg8
30.Bxf5 exf5 31.Qxd6 Rd7 32.Qf4 Rc8 33.Rg1 Qe2 34.Rh2 Qxf3 35.Qe5 Rcc7 36.h6  1-0

[Event "ch-IND"]
[Site "Visakhapatnam IND"]
[Date "2004.12.12"]
[Round "12"]
[White "Sandipan,C"]
[Black "Gupta,Ab"]
[Result "1-0"]
[WhiteElo "2543"]
[BlackElo "2412"]

1.e4 c5 2.Nf3 d6 3.d4 cxd4 4.Nxd4 Nf6 5.Nc3 Nc6 6.Bg5 e6 7.Qd2 a6 8.O-O-O Nxd4
9.Qxd4 Be7 10.f4 b5 11.Be2 Bb7 12.Bf3 Rc8 13.Bxf6 gxf6 14.f5 Qc7 15.fxe6 fxe6
16.Bg4 Kf7 17.Bh5+ Kg7 18.Qd3 b4 19.Ne2 Qc4 20.Nd4 Qxd3 21.Rxd3 Bxe4 22.Rg3+ Bg6
23.Nxe6+ Kf7 24.Bxg6+ hxg6 25.Nf4 Rc4 26.Nxg6 Rhc8 27.Re1 Rxc2+ 28.Kb1 Bd8
29.Nf4 f5 30.Rf3 Bf6 31.Nd3 Rxg2 32.Rxf5 Kg7 33.Ref1 Be5 34.h4 Rcc2 35.Rf7+ Kg8
36.R7f2 Rcxf2 37.Rxf2 Rg4 38.Nxe5 dxe5 39.Rf5 e4 40.h5 e3 41.Re5 Rg1+ 42.Kc2 Re1
43.Kb3 Re2 44.h6 Kh7 45.Re6 a5 46.Ra6 Rd2 47.Rxa5 e2 48.Re5 Kxh6 49.a4 bxa3
50.Kxa3 Kg6 51.Kb3 Kf6 52.Re8 Kf5 53.Kc3 Rd8 54.Rxe2 Rc8+ 55.Kd4 Rd8+ 56.Kc5 Rc8+
57.Kd5 Rd8+ 58.Kc6 Rb8 59.Rh2 Ke5 60.Rh5+ Ke6 61.Rb5 Rc8+ 62.Kb7 Rc2 63.b4 Rc4
64.Rb6+ Kd5 65.Ka6 Kd4 66.Ka5 Rc8 67.Rd6+ Kc4 68.b5 Ra8+ 69.Ra6 Rh8 70.Rc6+ Kb3
71.b6 Rh7 72.Ka6  1-0

[Event "Asian U14"]
[Site "Singapore SIN"]
[Date "2004.12.13"]
[Round "4"]
[White "Nguyen Viet Chung"]
[Black "Sai,Sr"]
[Result "1-0"]
[WhiteElo "2045"]
[BlackElo "2237"]

1.e4 c5 2.Nf3 d6 3.d4 cxd4 4.Nxd4 Nf6 5.Nc3 Nc6 6.Bg5 Bd7 7.Qd2 Rc8 8.f4 h6
9.Bxf6 gxf6 10.O-O-O Nxd4 11.Qxd4 Qa5 12.Kb1 Qc5 13.Qd3 e6 14.Be2 Bc6 15.Rhe1 Be7
16.f5 a6 17.fxe6 fxe6 18.Qh3 Qe5 19.Nd5 Bd7 20.Bh5+ Kf8 21.Nb6 Rc7 22.Bg4 Kf7
23.Bh5+ Kf8 24.Re3 Be8 25.Bxe8 Kxe8 26.Na4 h5 27.Nc3 Kf7 28.Ne2 Rc4 29.Qf3 Rg8
30.Nf4 Rc7 31.h4 Rg4 32.g3 Ke8 33.Nd3 Qb5 34.Nf2 Rg7 35.e5 dxe5 36.Qxh5+ Kf8
37.Ne4 Qa4 38.Rc1 Qd4 39.Rce1 Qa4 40.c3 Qe8 41.Qh8+ Rg8 42.Qh6+ Rg7 43.Ng5 fxg5
44.Qh8+ Rg8 45.Rf3+ Bf6 46.Rxf6+ Ke7 47.Qh6 Rc6 48.Qh7+ Kd6 49.Qxb7 e4 50.Rxe4 Kd5
51.Rexe6  1-0

[Event "III Pereyra Mem"]
[Site "Mendoza ARG"]
[Date "2004.12.14"]
[Round "6"]
[White "Needleman,G"]
[Black "Rosito,J"]
[Result "1-0"]
[WhiteElo "2260"]
[BlackElo "2403"]

1.e4 c5 2.Nf3 d6 3.d4 Nf6 4.Nc3 cxd4 5.Nxd4 Nc6 6.Bg5 Qb6 7.Nb3 e6 8.Qe2 a6
9.O-O-O Qc7 10.g4 b5 11.Be3 Nd7 12.f4 b4 13.Na4 Na5 14.Kb1 Be7 15.g5 Rb8
16.Nxa5 Qxa5 17.b3 Bb7 18.Bg2 Bc6 19.Nb2 Bb5 20.Qf2 O-O 21.h4 Rfe8 22.h5 Qd8
23.Qg3 Rc8 24.g6 fxg6 25.hxg6 h6 26.e5 dxe5 27.Qh3 Bf6 28.f5 Qe7 29.fxe6 Nf8
30.Nc4 Rxc4 31.bxc4 Bxc4 32.Bc6 Rc8 33.Bd7 Bxe6 34.Bxe6+ Nxe6 35.Rd5 Re8
36.Rhd1 Nd4 37.Rd7 Qe6 38.Qxe6+ Nxe6 39.R7d6 a5 40.Ra6 e4 41.Rxa5 Bg5 42.Re5 Bxe3
43.Rxe6 Rb8 44.Rxe4 Bc5 45.Re6 Bf8 46.Rd5 Rc8 47.Kb2 Rc4 48.Rf5 Rc8 49.Rf3 Ra8
50.c3 bxc3+ 51.Rxc3 h5 52.Rec6 Rb8+ 53.Kc2 Ra8 54.a3 Ra5 55.Rf3 Ra8 56.Kb2 h4
57.Rc4 Be7 58.a4 Rb8+ 59.Ka2 Ra8 60.Rfc3 Bf8 61.Rxh4  1-0

[Event "Master Open"]
[Site "Singapore SIN"]
[Date "2004.12.14"]
[Round "5"]
[White "Tirto"]
[Black "Xu Jun"]
[Result "1/2-1/2"]
[WhiteElo "2388"]
[BlackElo "2589"]

1.e4 c5 2.Nf3 d6 3.d4 cxd4 4.Nxd4 Nf6 5.Nc3 Nc6 6.Bg5 Qb6 7.Nb3 e6 8.Qd2 a6
9.Be2 Qc7 10.f4 b5 11.Bf3 Bb7 12.O-O-O Be7 13.Bxf6 gxf6 14.Rhe1 Na5 15.Nxa5 Qxa5
16.a3 O-O 17.f5 Kh8 18.Bg4 Rfd8 19.h3 e5 20.Nd5 Qxd2+ 21.Rxd2  1/2-1/2

[Event "ch-IND"]
[Site "Visakhapatnam IND"]
[Date "2004.12.15"]
[Round "16"]
[White "Roy Chowdhury,S"]
[Black "Gupta,Ab"]
[Result "0-1"]
[WhiteElo "2376"]
[BlackElo "2412"]

1.e4 c5 2.Nf3 d6 3.d4 cxd4 4.Nxd4 Nf6 5.Nc3 Nc6 6.Bg5 e6 7.Qd2 Be7 8.O-O-O Nxd4
9.Qxd4 O-O 10.f3 a6 11.h4 Qc7 12.Kb1 Rd8 13.g4 b5 14.Qd2 Bb7 15.Ne2 Rac8
16.Nd4 e5 17.Nf5 d5 18.Bd3 dxe4 19.Nxe7+ Qxe7 20.fxe4 Nxe4 21.Bxe7 Nxd2+
22.Rxd2 Rxd3 23.cxd3 Bxh1 24.b4 f6 25.Bc5 Re8 26.Kb2 Kf7 27.Rf2 Bd5 28.g5 Ke6
29.Kc3 f5 30.a3 f4 31.d4 f3 32.dxe5 Kxe5 33.Rd2 Bc4 34.Rd7 Rc8 35.Bd4+ Kf4
36.Rxg7 Kg3 37.Kb2 Bd3 38.Rd7 Bf5 39.Rf7 Rc2+  0-1

[Event "XVII Torre Mem"]
[Site "Yucatan MEX"]
[Date "2004.12.15"]
[Round "4"]
[White "Leon Hoyos,M"]
[Black "Hernandez,Gi"]
[Result "1/2-1/2"]
[WhiteElo "2395"]
[BlackElo "2509"]

1.e4 c5 2.Nf3 Nc6 3.d4 cxd4 4.Nxd4 Nf6 5.Nc3 d6 6.Bg5 e6 7.Qd2 Be7 8.O-O-O O-O
9.f3 Nxd4 10.Qxd4 Qa5 11.Qd2 Rd8 12.Kb1 b6 13.h4 Bb7 14.Qf2 Bc6 15.Bd2 Qc5
16.Be3 Qa5 17.Bd2 Qc5 18.Be3 Qa5  1/2-1/2

[Event "Revolution Mem"]
[Site "Bucharest ROM"]
[Date "2004.12.16"]
[Round "2"]
[White "Niculescu,C"]
[Black "Breahna,R"]
[Result "1/2-1/2"]
[WhiteElo "2143"]
[BlackElo "2309"]

1.e4 c5 2.Nf3 d6 3.d4 Nf6 4.Nc3 cxd4 5.Nxd4 Nc6 6.Bg5 Bd7 7.Qd2 Rc8 8.O-O-O Nxd4
9.Qxd4 Qa5 10.f4 h6 11.Bh4 g5 12.e5 Bg7 13.Bg3 Nh5 14.fxg5 Nxg3 15.hxg3 Bxe5
16.Qe3 h5 17.Bd3 Rxc3 18.bxc3 Qa3+ 19.Kd2 Qxc3+ 20.Ke2 Bd4 21.Qd2 Bg4+ 22.Kf1 Qc5
23.Rb1 Be3 24.Qb4 Qxg5 25.Qb5+ Qxb5 26.Bxb5+ Kf8 27.Be2 Bxe2+ 28.Kxe2 Bb6
29.Rb5 e5 30.a4 Rg8 31.a5 Bc5 32.Kf3 b6 33.axb6 axb6 34.Rxh5 Ke7 35.Rb3  1/2-1/2

[Event "Open"]
[Site "Zadar CRO"]
[Date "2004.12.16"]
[Round "6"]
[White "Zufic,M"]
[Black "Jankovic,A"]
[Result "1-0"]
[WhiteElo "2370"]
[BlackElo "2477"]

1.e4 c5 2.Nf3 d6 3.d4 cxd4 4.Nxd4 Nf6 5.Nc3 Nc6 6.Bg5 e6 7.Qd2 a6 8.O-O-O Bd7
9.f4 b5 10.Bxf6 gxf6 11.Kb1 Qb6 12.Nxc6 Bxc6 13.Qe1 O-O-O 14.Bd3 b4 15.Ne2 d5
16.Ng3 dxe4 17.Nxe4 Be7 18.Qe2 Kb8 19.Ng3 Bd6 20.Rhf1 a5 21.Ne4 Bxe4 22.Qxe4 f5
23.Qe2 a4 24.g4 fxg4 25.f5 a3 26.fxe6 f6 27.Qxg4 Be5 28.Be4 Qc7 29.Qe2 Qb6
30.e7 Rxd1+ 31.Rxd1 Re8 32.Rd8+ Ka7 33.Rd7+ Bc7 34.Bf3  1-0

[Event "Open"]
[Site "Zadar CRO"]
[Date "2004.12.17"]
[Round "7"]
[White "Urukalovic,R"]
[Black "Saric,Ib"]
[Result "0-1"]
[WhiteElo "2193"]
[BlackElo "2441"]

1.e4 c5 2.Nf3 Nc6 3.d4 cxd4 4.Nxd4 Nf6 5.Nc3 d6 6.Bg5 e6 7.Qd2 a6 8.O-O-O h6
9.Be3 Be7 10.f3 Nxd4 11.Bxd4 b5 12.Kb1 Rb8 13.Bd3 b4 14.Ne2 e5 15.Be3 Be6
16.f4 Qa5 17.b3 d5 18.fxe5 Nxe4 19.Bxe4 dxe4 20.Qd4 O-O 21.Qxe4 Rb5 22.Bd4 Rd8
23.Bb2 Rbd5 24.Rxd5 Qxd5 25.Qxd5 Bxd5 26.Nf4 Bc6 27.Rg1 g5 28.Nd3 Be4 29.g3 Kh7
30.Rf1 Kg6 31.Nf2 Bg2 32.Rg1 Bf3 33.Nd3 Be4 34.Nf2 Bc5 35.Re1 Bxf2 36.Rxe4 Rd1+
37.Bc1 Rh1 38.c4 bxc3 39.h4 Be1 40.Kc2 Rh2+ 41.Kd3 Bxg3 42.hxg5 hxg5 43.e6 fxe6
44.Rxe6+ Kf5 45.Rxa6 Be5 46.Ra8 g4 47.Rf8+ Kg6 48.a4 g3 49.Rg8+ Bg7 50.Be3 Rd2+
51.Ke4 g2 52.Rc8  0-1

[Event "Revolution Mem"]
[Site "Bucharest ROM"]
[Date "2004.12.18"]
[Round "4"]
[White "Ardelean,G"]
[Black "Breahna,R"]
[Result "1/2-1/2"]
[WhiteElo "2461"]
[BlackElo "2309"]

1.e4 c5 2.Nf3 Nc6 3.d4 cxd4 4.Nxd4 Nf6 5.Nc3 d6 6.Bg5 Bd7 7.Qd2 Rc8 8.f3 Nxd4
9.Qxd4 Qa5 10.Be3 a6 11.g4 h6 12.O-O-O g6 13.Qd2 Bg7 14.Bd4 O-O 15.h4 Be6
16.g5 hxg5 17.hxg5 Nh5 18.Bxg7 Kxg7 19.Bh3 Qe5 20.Bg4 Bxg4 21.fxg4 Nf4 22.Nd5 Ne6
23.Nxe7 Rc4 24.Nf5+ gxf5 25.gxf5 Nd4 26.f6+ Kg8 27.Rh5 Nxc2 28.Rdh1 Ne3+
29.Kb1 Qxe4+ 30.Ka1 Nc2+ 31.Kb1 Na3+ 32.Ka1  1/2-1/2

[Event "Revolution Mem"]
[Site "Bucharest ROM"]
[Date "2004.12.18"]
[Round "5"]
[White "Valeanu,E"]
[Black "Murariu,A"]
[Result "1-0"]
[WhiteElo "2274"]
[BlackElo "2381"]

1.e4 c5 2.Nf3 Nc6 3.d4 cxd4 4.Nxd4 Nf6 5.Nc3 d6 6.Bg5 e6 7.Qd2 a6 8.O-O-O Bd7
9.f3 Be7 10.g4 Rc8 11.Be3 h6 12.h4 b5 13.Bd3 Ne5 14.g5 Nh5 15.f4 Nc4 16.Bxc4 Rxc4
17.Rhg1 hxg5 18.hxg5 g6 19.f5 b4 20.Qd3 Qc7 21.fxe6 bxc3 22.exd7+ Kxd7 23.b3 Qa5
24.Kb1 Rc5 25.Ne2 Rhc8 26.Bxc5 Rxc5 27.Qd4 Bxg5 28.Qxd6+ Ke8 29.Rxg5 Rxg5
30.Nxc3 f6 31.b4 Qe5 32.Qd8+  1-0

[Event "Open"]
[Site "Lindsborg USA"]
[Date "2004.12.18"]
[Round "2"]
[White "Kraai,J"]
[Black "Miton,K"]
[Result "0-1"]
[WhiteElo "2425"]
[BlackElo "2600"]

1.e4 c5 2.Nf3 d6 3.d4 cxd4 4.Nxd4 Nf6 5.Nc3 Nc6 6.Bg5 e6 7.Qd2 a6 8.O-O-O Bd7
9.f4 b5 10.Nxc6 Bxc6 11.Qe1 Be7 12.Bd3 Nd7 13.Bxe7 Qxe7 14.Qg3 O-O 15.Rhe1 Bb7
16.e5 dxe5 17.fxe5 Nc5 18.Ne4 Bxe4 19.Bxe4 Rac8 20.Rd6 Rc7 21.Bf3 Rfc8 22.Red1 a5
23.Kb1 b4 24.Qf4 Nd7 25.Be4 Nf8 26.h4 Rc5 27.g3 Qc7 28.b3 a4 29.bxa4 Rxc2
30.Bxc2 Qxc2+ 31.Ka1 Qc3+ 32.Kb1 b3 33.Qd2 Qc2+ 34.Qxc2 bxc2+ 35.Kb2 cxd1=Q
36.Rxd1 Ng6 37.Kb3 Nxe5 38.a5 Kf8 39.Kb4 Nc6+ 40.Kb5 Nxa5  0-1

[Event "Stepchev Memorial"]
[Site "Kiev UKR"]
[Date "2004.12.23"]
[Round "3"]
[White "Ianovsky,A"]
[Black "Leshchenko,V"]
[Result "1/2-1/2"]
[WhiteElo "2328"]
[BlackElo "2145"]

1.e4 c5 2.Nf3 Nc6 3.d4 cxd4 4.Nxd4 Nf6 5.Nc3 d6 6.Bg5 h6 7.Bh4 a6 8.Bc4 e6
9.f4 Be7 10.e5 Nxd4 11.Qxd4 dxe5 12.Qxd8+ Bxd8 13.fxe5 Ng4 14.Bxd8 Nxe5 15.Bxa6 Rxa6
16.Bc7 Nc4 17.O-O-O O-O 18.Rd8 Rc6 19.Rxf8+ Kxf8 20.Bg3 f6 21.Re1 e5 22.b3 Na3
23.Kb2 Bf5 24.Bxe5 Nxc2 25.Rf1 Bd3 26.Rd1 Bg6 27.Bf4 Ke7 28.a3 Re6 29.Bc1 Re1
30.Nd5+ Kf7 31.Rxe1 Nxe1 32.Kc3 Nxg2 33.a4 Ke6 34.Kc4 Bc2 35.Nc7+ Kd7 36.Nb5 f5
37.Kc3 Be4 38.Kd4 g5 39.a5 Ne1 40.Nc3 Bc2 41.b4 Nf3+ 42.Kc5 Kc7 43.Nd5+ Kb8
44.b5 f4 45.Nxf4 Nxh2 46.Kb6 Be4 47.a6 bxa6 48.bxa6 Nf3 49.Ne6 Ne5 50.Nxg5 Nd7+
51.Ka5 hxg5 52.Bxg5 Bd3 53.Bf4+ Ka8 54.Bd6 Ka7 55.Bf4 Bxa6  1/2-1/2

[Event "Open"]
[Site "Pamplona ESP"]
[Date "2004.12.24"]
[Round "4"]
[White "Teran Alvarez,I"]
[Black "Barrenechea Bahamonde,G"]
[Result "1/2-1/2"]
[WhiteElo "2431"]
[BlackElo "2134"]

1.e4 c5 2.Nf3 d6 3.d4 cxd4 4.Nxd4 Nf6 5.Nc3 Nc6 6.Bg5 e6 7.Qd2 a6 8.O-O-O Bd7
9.f4 h6 10.Bh4 g5 11.fxg5 Ng4 12.Be2 Nge5 13.Kb1  1/2-1/2

[Event "Stepchev Memorial"]
[Site "Kiev UKR"]
[Date "2004.12.26"]
[Round "6"]
[White "Dolzhikova,K"]
[Black "Nogin,N"]
[Result "1/2-1/2"]
[WhiteElo "2244"]
[BlackElo "2364"]

1.e4 c5 2.Nf3 Nc6 3.d4 cxd4 4.Nxd4 Nf6 5.Nc3 d6 6.Bg5 Bd7 7.Qd2 Nxd4 8.Qxd4 Qa5
9.Bd2 Rc8 10.Bd3 e5 11.Qe3 Qc5 12.O-O Be7 13.Qxc5 dxc5 14.Bc4 O-O 15.Bg5 Rfe8
16.Rad1 Bc6 17.Bxf6 Bxf6 18.Bd5 Red8 19.Bxc6 bxc6 20.Rxd8+ Rxd8 21.Rd1 Rd4
22.Kf1 Kf8  1/2-1/2